[Event "FIN-ch 2018"]
[Site "Helsinki"]
[Date "2018.06.11"]
[Round "1"]
[White "Karttunen, Mika"]
[Black "Niemi, Kalle"]
[Result "1-0"]
[WhiteElo "2466"]
[BlackElo "2336"]
[Annotator "TA"]
[PlyCount "113"]
[EventDate "2018.06.13"]
[EventType "tourn"]
[EventCountry "FIN"]
[SourceTitle "playchess.com"]
[Source "ChessBase"]
[SourceQuality "1"]

{[%evp 17,113,47,50,56,54,56,56,55,61,54,47,-18,-23,-20,-22,-43,-45,-36,-42,-37,-38,-31,-36,-51,-8,-20,-20,-20,-19,-17,-18,-19,-12,-11,-14,-27,7,7,23,18,19,18,27,31,36,19,19,26,55,55,55,47,55,49,49,32,54,55,68,85,95,38,195,63,148,132,106,105,130,130,156,0,0,0,156,191,210,254,244,233,405,398,398,377,429,426,327,183,1164,1049,1730,1561,12827,12827,8495,12813,12831,12832]} 1. e4 c5 2. Nf3 Nc6 3. Bb5 a6 4. Bxc6 dxc6 5. d3 Qc7 6. Nbd2 {B30: Sicilian: 2...Nc6 3 Bb5, lines without ...g6} (6. Be3 e5 7. Nbd2 Bd6 8. h3 Ne7 9. Nc4 Ng6 10. Qd2 a5 11. Nxd6+ Qxd6 12. Qc3 b6 13. g3 O-O {½-½ (42) Piorun,K (2676)-Mista,A (2593) Poland 2016}) 6... e5 7. Nc4 Bd6 8. a4 a5 9. Be3 Ne7 {LiveBook: 3 Games} 10. Qd2 b6 $146 ({Predecessor:} 10... Ng6 11. h4 h5 12. c3 O-O 13. Nxd6 Qxd6 {1-0 (37) Nozdrachev,V (2471)-Kretov,E (2246) Moscow 2016}) 11. Qc3 Ng6 12. h4 h5 13. Qb3 Rb8 14. Ng5 (14. Nxd6+ $14 Qxd6 15. Nd2) 14... Bf8 $1 $11 15. g3 f6 16. Nh3 Be6 {And now ...b5 would win.} 17. Qc3 $1 Qd7 18. Ng1 Be7 19. Ne2 O-O 20. f3 Nh8 21. Kf2 Nf7 22. Kg2 Bd8 23. b3 Bc7 24. Qe1 Nd6 25. Rh2 Nxc4 26. bxc4 f5 27. Nc3 f4 28. gxf4 exf4 29. Bd2 Be5 30. Rb1 Rf6 31. Kh1 Rg6 32. Ne2 Qf7 33. Bc3 Bc7 34. Rg2 Rxg2 35. Kxg2 Kh7 36. Qf2 Rg8 37. Rg1 g5 38. hxg5 Rxg5+ 39. Kh1 (39. Kf1 $16 Rxg1+ 40. Qxg1) 39... Qg6 $2 (39... Qe7 $14) 40. Bd2 (40. Qh4 $1 $18 Rxg1+ 41. Nxg1) 40... Qf6 (40... Rxg1+ $14 41. Qxg1 Qxg1+ 42. Kxg1 Bd7) 41. Rxg5 Qxg5 42. Qh2 Bf7 43. Bxf4 Bxf4 44. Qxf4 $2 (44. Nxf4 $16 b5 45. axb5 (45. cxb5 cxb5 46. axb5 a4 $16) 45... cxb5 46. cxb5) 44... Qxf4 45. Nxf4 $16 {[%mdl 4096] Endgame KB-KN} Be8 $2 {[#]} ({Better is} 45... h4 $11) 46. Ne6 $1 Kg6 {[#]} 47. f4 $1 {[%cal Bf3f4,Bf4f5][%mdl 32]} Kf6 48. Nc7 Bd7 $2 (48... Bf7 49. Na8 Ke7) 49. f5 $18 Kg5 50. Kh2 Bc8 51. Na8 b5 52. Nb6 ({Don't play} 52. cxb5 $6 cxb5 53. axb5 a4 $18) ({Not} 52. axb5 a4 $16) 52... Ba6 $2 (52... bxa4 53. Nxa4 Bd7 54. Nxc5 Be8) 53. Kg3 {White is clearly winning.} bxa4 54. Nxa4 Bc8 55. Nxc5 h4+ 56. Kf3 Kh5 57. Kf4 {Precision: White = 67%, Black = 43%.} 1-0

[Event "FIN-ch 2018"]
[Site "Helsinki"]
[Date "2018.06.11"]
[Round "1"]
[White "Agopov, Mikael"]
[Black "Nyysti, Sampsa"]
[Result "1-0"]
[WhiteElo "2436"]
[BlackElo "2322"]
[Annotator "TA"]
[PlyCount "227"]
[EventDate "2018.06.13"]
[EventType "tourn"]
[EventCountry "FIN"]
[SourceTitle "playchess.com"]
[Source "ChessBase"]
[SourceQuality "1"]

{[%evp 16,227,20,20,29,0,7,-27,24,6,22,40,33,42,103,67,66,-17,2,-16,-16,-9,-10,-18,0,0,0,-2,0,-13,16,0,2,0,35,51,79,0,0,0,0,0,0,0,0,0,0,0,24,0,0,-11,8,8,11,8,6,11,10,0,41,47,127,34,171,125,125,125,129,133,141,141,140,102,102,103,96,102,102,96,131,139,135,0,115,122,122,122,125,92,104,25,25,33,33,33,85,85,85,85,85,0,0,0,0,0,0,0,0,0,0,0,0,0,0,0,12848,12846,12850,12851,12851,12851,12851,12851,12851,12851,12851,12851,12851,12851,12851,12851,12851,12851,12851,12851,12851,12851,12851,12851,12851,12851,12851,12851,12851,0,0,0,12851,12851,12851,12851,12851,12851,12851,12851,12851,12851,12851,12851,12851,12851,12851,12851,12851,0,0,0,0,0,0,0,0,0,12851,12851,12851,0,0,0,0,0,0,0,0,0,0,0,29982,12851,12851,0,29980,29976,29975,29974,29974,29975,29975,29976,29976,29969,29977,29977,29978,29979,29981,29981,29983,29982,29982,29983,29987,29988]} 1. e4 e5 2. Nf3 Nc6 3. Bb5 a6 4. Ba4 Nf6 5. O-O Be7 6. Re1 b5 7. Bb3 O-O 8. h3 Bb7 9. d3 d5 {C88: Closed Ruy Lopez: Anti-Marshall Systems} 10. Nbd2 (10. exd5 Nxd5 11. Nbd2 Qd7 12. a4 Rae8 13. axb5 axb5 14. Nxe5 Nxe5 15. Rxe5 Nf6 16. Nf1 Bd6 17. Rxe8 Rxe8 {½-½ (31) Anand,V (2782)-Aronian,L (2805) London 2017}) 10... dxe4 11. dxe4 Bc5 $146 (11... Na5 $142) ({Predecessor:} 11... Na5 12. Qe2 Bd6 13. Nh2 Nxb3 14. axb3 Qd7 15. Nhf1 Qc6 16. c3 Rfe8 17. Ng3 {1-0 (67) Vasquez Schroder,R (2542)-Sargissian,G (2671) Khanty-Mansiysk 2013}) 12. c3 $11 Re8 13. Qe2 h6 14. a4 Nh5 (14... Bb6 $14) 15. Nf1 Na5 {[#]} 16. Bc2 (16. Bxf7+ $1 $14 {[%mdl 512]} Kxf7 17. axb5 axb5 18. b4) 16... Nc4 $36 {[%mdl 2048] White is under pressure.} 17. b3 Nd6 18. Be3 Bxe3 19. Qxe3 Nf4 20. Ng3 Qf6 21. Kh2 g6 22. axb5 Nxb5 23. b4 Kg7 24. Bb3 Qb6 25. c4 Nd4 26. Nxd4 (26. Nxe5 $1 $16 Nxg2 27. Kxg2 Nxb3 28. Qxb3 (28. Qf4 Qe6 $17) 28... Rxe5 29. f3) 26... Qxd4 27. Red1 Qxe3 28. fxe3 Ne6 29. c5 Red8 30. Bd5 Rab8 31. Ne2 Ng5 32. Nc3 Bxd5 33. Rxd5 Rxd5 34. Nxd5 {[%mdl 4096] Endgame KRN-KRN} c6 35. Nb6 Nxe4 36. Rxa6 Rb7 37. g4 Kf8 38. Ra8+ Ke7 (38... Kg7 $14) 39. Kg2 (39. Rc8 $16) 39... Nf6 (39... Nc3 $14) 40. Kf3 Nd7 {[#]} 41. b5 $1 {[%cal Rb5c6][%mdl 512]} Nxc5 (41... cxb5 42. Nd5+) 42. bxc6 Rxb6 $16 {KRN-KR} 43. c7 Rf6+ 44. Ke2 Rc6 45. c8=Q Rxc8 46. Rxc8 {KR-KN} Ne4 47. h4 Kf6 48. Kf3 Nd2+ 49. Ke2 Ne4 50. Rc4 Nd6 51. Rc6 Ke6 52. Kf3 h5 53. gxh5 ({Better is} 53. g5 $16) 53... gxh5 $11 54. Ra6 Ke7 $1 55. Ra8 Kf6 (55... Nf5 $1 $14) 56. Rh8 Kg6 57. Rg8+ Kh6 58. Rd8 ({White should try} 58. Rg5 $16 f6 59. Rg2) 58... Nf5 59. Ke4 Nxh4 60. Kxe5 Kg7 61. e4 {Hoping for Rd3.} Ng6+ 62. Kf5 Nf8 63. Rd1 {And now Rg1+ would win.} Ne6 64. Rh1 Kf8 $1 65. Kf6 Nc5 $2 {[%mdl 8192]} (65... Ng7 $11 66. Rh4 Ne8+ 67. Kg5 Ng7) 66. Ke5 Ke7 67. Rxh5 Nd7+ 68. Kd4 Ke6 69. Ra5 Kd6 70. Ra6+ Ke7 71. Ra7 Ke6 72. Ra6+ Ke7 73. e5 Nf8 74. Ra7+ Ke6 75. Ke4 Ng6 76. Ra6+ Ke7 77. Ra7+ Ke6 78. Ra6+ Ke7 79. Rb6 Nh4 80. Kd5 $2 (80. Rf6 $18 {Kd4 is the strong threat.} Ng6 81. Kd5) 80... Nf5 81. Rb3 $2 {[%mdl 8192]} (81. Rb7+ $11 Kf8 82. Ke4) 81... Kd7 $2 {[%mdl 8192]} (81... Ng7 $11 82. Ra3 Nf5) 82. Rf3 $18 Ne7+ 83. Kd4 Nc6+ 84. Kd5 Ne7+ 85. Kd4 Nc6+ 86. Ke4 Ke8 87. Kd5 Ne7+ 88. Kd6 Nc8+ 89. Kc7 Ne7 90. Rh3 $2 (90. Rf2 $18 Ng6 91. Kd6) 90... Nf5 $11 91. Rh5 Ng7 $2 {[%mdl 8192]} (91... Ng3 $11 92. Rh3 Nf5) 92. Rh7 $18 Nf5 {Now ...Ke7 and Black clings on.} 93. Kc6 Ke7 {intending ...Ke6.} 94. Kd5 Ke8 $2 {[%mdl 8192]} (94... Kf8 $11 95. Rh8+ Ke7) 95. Rh5 Ng7 96. Rh8+ $2 (96. Rh7 $18 Nf5 97. Rh5) 96... Ke7 $11 97. Rb8 {Threatens to win with Ra8.} Nf5 98. Rb7+ Ke8 99. e6 $2 {[%mdl 8192]} (99. Ke4 $11 Ne7 100. Ra7) 99... fxe6+ $18 100. Kxe6 {[%cal Rb7b8]} Nd4+ 101. Ke5 Nc6+ $2 {[%mdl 8192]} (101... Nf3+ $11 102. Kd5 Ng5) 102. Kd6 Nd4 103. Re7+ (103. Rb4 $18 Nc2 104. Rb7) 103... Kd8 $2 {[%mdl 8192]} (103... Kf8 $11) 104. Re5 {White mates.} Kc8 105. Kd5 Nb5 106. Kc6 {[%cal Re5e8]} Nd4+ 107. Kc5 Nf3 108. Rh5 Kc7 109. Kd5 Kb6 110. Rh3 Ng5 111. Rg3 Nf7 112. Rg6+ Kb5 113. Rg7 Nd8 114. Rd7 {Precision: White = 59%, Black = 56%.} 1-0

[Event "FIN-ch 2018"]
[Site "Helsinki"]
[Date "2018.06.11"]
[Round "1"]
[White "Sammalvuo, Tapani"]
[Black "Jarvenpaa, Jari"]
[Result "0-1"]
[WhiteElo "2435"]
[BlackElo "2310"]
[Annotator "TA"]
[PlyCount "114"]
[EventDate "2018.06.13"]
[EventType "tourn"]
[EventCountry "FIN"]
[SourceTitle "playchess.com"]
[Source "ChessBase"]
[SourceQuality "1"]

{[%evp 19,114,30,38,25,54,15,20,0,8,0,24,-2,79,-11,5,4,3,0,12,-8,-1,-8,-10,-52,-45,-130,-38,-51,-45,-40,-30,-236,-131,-130,-124,-126,-118,-115,-78,-83,0,-128,-104,-145,-104,-137,-136,-137,-114,-269,-123,-129,-130,-169,-167,-212,-202,-221,-217,-297,-292,-293,-295,-316,-324,-406,-392,-597,-583,-882,-882,-869,-858,-788,-759,-29985,-29986,-2563,-12838,-12836,-733,-29979,-29978,-29991,-29992,-29992,-29993,-29993,-12838,-12838,-12838,-12838,-12835,-29993,-29994,-29996,-969]} 1. d4 e6 2. Nf3 f5 3. g3 Nf6 4. Bg2 d5 5. O-O Bd6 6. c4 c6 7. Qc2 O-O 8. b3 Qe7 9. Ne5 Nbd7 10. Bb2 Ne4 11. e3 {A90: Dutch Defence: Miscellaneous and Modern Stonewall (with ...Bd6)} a5 12. Nd3 b5 13. f3 {The position is equal.} (13. c5 $5 {[%cal Rc5d6]} Bc7 14. f3 $11) 13... Ng5 14. Nd2 Ba6 $146 ({Predecessor:} 14... bxc4 15. bxc4 Ba6 16. e4 f4 17. e5 Bb4 18. gxf4 Bxd2 19. Qxd2 {1-0 (30) Barnaure,V (2511)-Cilia Vincenti,D (2091) Glasgow 2012}) 15. e4 Rac8 (15... fxe4 $11 {keeps the balance.} 16. fxe4 bxc4 17. bxc4 Bc7) 16. exf5 (16. e5 $16 Bc7 17. c5) 16... exf5 17. Rae1 Qf7 {[%cal Rb5c4]} 18. c5 Bb8 19. b4 f4 20. g4 a4 21. Qc3 Rce8 22. Rf2 (22. h4 $15 Ne6 23. Rf2) 22... Re3 ({Better is} 22... Rxe1+ $1 $17 23. Nxe1 Bc7) 23. Nf1 $15 Rxe1 24. Qxe1 Qg6 25. Qe7 $2 {[#]} (25. Qd1 $11) 25... Bc8 ({Not} 25... Qxd3 26. Qxd7 a3 27. Bc1 $17) ({Black should play} 25... Re8 $1 $19 {[%cal Re8e7]} 26. Qxd7 Bc8) 26. Qe2 $17 {[#]} h5 $1 $36 {[%cal Rh5g4][%mdl 2048] Hoping for ...hxg4. Keeping White busy.} 27. h3 hxg4 28. hxg4 Qh7 29. Bc1 Qg6 (29... Qh6 $17) 30. Qd1 (30. Bb2 $1 $11) 30... Qf6 31. Ne1 Ne6 32. Nc2 Re8 33. Re2 Re7 34. Qe1 $2 (34. Ne1 $17 {was called for.}) 34... Ndf8 (34... Nxd4 $19 {has better winning chances.} 35. Rxe7 Nxc2) 35. Bb2 Bd7 {[%cal Bc8d7,Bd7e8,Be8g6,Bg6h7][%mdl 32]} 36. Qf2 Be8 37. Nh2 Bg6 38. Bf1 Nh7 {[%cal Bf8h7,Bh7g5,Bg5f3][%mdl 32]} 39. Bc3 Nhg5 40. Kh1 Bc7 41. Re1 Bh7 42. Na3 Qh6 43. Nxb5 (43. Bg2 {was worth a try.} Bd8 44. Kg1) 43... cxb5 $19 44. Bxb5 {[#]} Nxf3 $1 {[%mdl 512]} 45. Qxf3 Be4 $1 {[%cal Re4f3]} 46. Rxe4 dxe4 47. g5 Nxg5 ({Stronger than} 47... exf3 48. gxh6 Ng5 49. d5 $18 (49. Bxa4 $2 Re3 $19)) 48. Bc4+ Kh7 (48... Kh8 $142 49. Qg4 f3 50. Qc8+ Kh7 51. Qxc7 Rxc7) 49. Qf2 f3 (49... e3 $142 50. Qc2+ g6) 50. d5 Nh3 51. Qd4 Bxh2 52. Kxh2 Nf2+ 53. Kg1 Qh1+ (53... e3 $142 54. Bd3+ Kg8 55. Bh7+ Kxh7 56. Qxe3 Qxe3 57. Bd2 Qxd2 58. Kh2 Qg5 59. d6 Qg2#) 54. Kxf2 e3+ 55. Kg3 Qg2+ 56. Kh4 Kh6 {[%csl Gg2,Gh6][%cal Rg7g5]} 57. Qf4+ g5+ {Precision: White = 16%, Black = 47%.} 0-1

[Event "FIN-ch 2018"]
[Site "Helsinki"]
[Date "2018.06.11"]
[Round "1"]
[White "Sipila, Vilka"]
[Black "Keinanen, Toivo"]
[Result "0-1"]
[WhiteElo "2383"]
[BlackElo "2341"]
[Annotator "TA"]
[PlyCount "100"]
[EventDate "2018.06.13"]
[EventType "tourn"]
[EventCountry "FIN"]
[SourceTitle "playchess.com"]
[Source "ChessBase"]
[SourceQuality "1"]

{[%evp 20,100,59,50,98,78,99,100,110,-67,-51,-61,-73,-60,-54,-254,-250,-259,-194,-253,-245,-364,-335,-331,-364,-556,-389,-500,-464,-514,-474,-435,-94,-115,-97,-102,-67,-124,-67,-127,-149,-122,-134,-155,-141,-204,-240,-541,-503,-617,-600,-844,-831,-926,-910,-958,-971,-1137,-940,-1208,-1168,-5451,-1476,-5415,-1600,-1257,-1441,-6360,-5504,-12841,-12842,-29987,-29988,-29991,-29992,-29992,-29993,-29994,-29995,-29995,-29996,-29996,-29996]} 1. e4 e6 2. d4 d5 3. Nc3 Nf6 4. Bg5 dxe4 5. Nxe4 Be7 6. Bxf6 gxf6 7. Qd2 f5 {C13: French: Classical System: 4 Bg5 Be7, Alekhine-Chatard Attack} 8. Nc3 a6 9. g3 c5 10. d5 b5 {[%cal Bb7b5,Bb5b4][%mdl 32]} 11. Bg2 {LiveBook: 3 Games} Bb7 12. O-O-O O-O 13. f4 Bf6 $146 {Threatening ...Qa5.} ({Predecessor:} 13... b4 14. Na4 Ra7 15. dxe6 {1-0 (23) Van Kampen,R (2570)-Sadzikowski,D (2449) London 2012}) 14. Qe1 $2 {[#]} (14. dxe6 $16 Qxd2+ 15. Rxd2 Bxg2 16. exf7+ Kxf7 17. Rxg2) 14... b4 $1 $15 {[%cal Rb4c3]} 15. dxe6 Bxg2 16. Rxd8 Rxd8 17. Na4 $2 (17. Nge2 $1 $15) 17... Bxh1 $19 18. Nxc5 {With the idea exf7+.} Re8 19. g4 (19. Nh3 $142 Bd5 20. Ng5 Bxg5 21. fxg5) 19... fxg4 20. Ne2 (20. Nh3 $142 Bf3 21. Nf2) 20... Bd5 21. Ng3 Nc6 (21... Bxa2 22. Qe4 $17) 22. f5 (22. Nge4 $142 Bd4 23. Qh4 fxe6 24. c3) 22... Rad8 23. Nce4 Bg7 24. Kb1 Bxe4 25. Nxe4 fxe6 $2 (25... Re7 $19 26. h3 fxe6) 26. f6 $17 Bh6 {[#] White must now prevent ...Kh8.} 27. a3 {Qh4 is the strong threat.} Ne5 {Hoping for ...bxa3.} 28. Qxb4 (28. Qh4 $15 b3 29. cxb3) 28... Nf7 (28... Kh8 $17 29. Qa4 Rf8 30. Qxa6 Rd4) 29. Ng3 (29. Nc5 $15) 29... Kh8 30. Qxg4 Rd5 31. Qa4 Rf8 32. h4 (32. Qxa6 $17 Nd6 33. Qf1) 32... Nd6 $19 33. c4 $2 (33. Qxa6 {is more resistant.} Bf4 34. Qa7 Rxf6 35. Ne2) 33... Rd4 34. Qd7 Nf5 35. Qc7 Bf4 36. Qc5 Bd6 37. Qa7 Bxg3 38. c5 Rxf6 39. c6 Rf8 40. Qxa6 Rd6 41. Qb7 Rd1+ 42. Ka2 Be5 43. Qb4 Rc8 44. Qb7 Nd6 45. Qb3 Rd2 {Black mates.} 46. Qxe6 Rxb2+ 47. Ka1 Re2+ 48. Kb1 Rb8+ 49. Kc1 Bf4+ 50. Kd1 Rxe6 {Precision: White = 28%, Black = 54%.} 0-1

[Event "FIN-ch 2018"]
[Site "Helsinki"]
[Date "2018.06.11"]
[Round "1"]
[White "Luukkonen, Tommi"]
[Black "Koykka, Pekka"]
[Result "1/2-1/2"]
[WhiteElo "2349"]
[BlackElo "2345"]
[Annotator "TA"]
[PlyCount "89"]
[EventDate "2018.06.13"]
[EventType "tourn"]
[EventCountry "FIN"]
[SourceTitle "playchess.com"]
[Source "ChessBase"]
[SourceQuality "1"]

{[%evp 10,89,25,21,15,27,24,18,44,39,56,45,62,55,47,24,19,16,22,18,36,17,22,28,25,24,35,5,10,5,6,6,10,0,0,0,0,0,0,-27,-29,-31,-16,-16,-17,-19,-12,-15,0,0,0,0,52,8,8,8,8,8,8,8,8,10,6,12,189,188,182,188,177,184,206,0,0,0,0,0,0,0,0,0,0,0]} 1. e4 c5 2. Nc3 d6 3. d4 cxd4 4. Qxd4 Nc6 5. Qd2 g6 (5... Nf6 6. b3 e6 7. Bb2 a6 8. O-O-O b5 9. f3 h5 10. Nh3 Be7 11. Ng5 {1-0 (31) Carlsen,M (2843)-Wojtaszek,R (2744) Shamkir 2018}) 6. b3 {LiveBook: 4 Games. B23: Closed Sicilian: Lines without g3} Bg7 7. Bb2 Qa5 $146 ({Predecessor:} 7... Nf6 8. f3 O-O 9. O-O-O Bd7 10. g4 Qa5 11. Kb1 {0-1 (43) Neelotpal,D (2452)-Aditya,M (2199) Bhubaneswar 2018}) 8. O-O-O {White has an edge.} Bg4 9. Be2 Bxe2 10. Ngxe2 O-O-O 11. Kb1 Kb8 12. Nd5 Qxd2 13. Rxd2 Bxb2 14. Kxb2 e6 15. Ne3 Nf6 16. Nc3 Rd7 17. f3 a6 18. Na4 b5 19. Nc3 $1 Rhd8 20. Rhd1 Kc7 21. g4 g5 22. h4 h6 23. a3 Ne5 24. hxg5 hxg5 25. a4 bxa4 ({Wrong is} 25... Nxf3 $2 26. Rf2 $18) 26. Nxa4 Rh8 27. Nc4 Nxc4+ $1 ({Worse is} 27... Nxf3 28. Rf2 $18) 28. bxc4 Kc6 29. Rd3 Rh3 30. Rb3 Kc7 (30... Rb7 $11 31. Rxd6+ Kxd6 32. Rxb7 Nd7) 31. Ra1 {c5 is the strong threat.} Rd8 32. Nc3 Rb8 33. Rxa6 Rxb3+ $1 34. cxb3 $11 {[%mdl 4096] Endgame Strongly threatening e5! KRN-KRN} Kb7 35. Rxd6 Rxf3 36. c5 {[%cal Bc4c5,Bc5c6][%mdl 32] Threatening Rb6+.} Nxg4 $2 (36... Rf2+ $1 $11 37. Ka3 Nxg4) 37. Rb6+ Kc8 {[#]} 38. Nb5 $1 Ne5 {[#]} 39. c6 $1 {[%cal Rc6c7]} Rf2+ 40. Ka3 $2 (40. Kc3 $18 {Black must now prevent c7.} Rf1 41. Kd4 (41. Na7+ Kc7 $16) 41... Nxc6+ 42. Rxc6+ Kb7 43. Rc5) 40... Rc2 $1 {The position is equal.} 41. Na7+ Kd8 42. Rb8+ Kc7 43. Rb7+ Kd8 44. Rb8+ Kc7 45. Rb7+ {Precision: White = 69%, Black = 67%.} 1/2-1/2

[Event "FIN-ch 2018"]
[Site "Helsinki"]
[Date "2018.06.12"]
[Round "2"]
[White "Sipila, Vilka"]
[Black "Luukkonen, Tommi"]
[Result "1-0"]
[WhiteElo "2383"]
[BlackElo "2349"]
[Annotator "NA"]
[PlyCount "91"]
[EventDate "2018.06.13"]
[EventType "tourn"]
[EventCountry "FIN"]
[SourceTitle "playchess.com"]
[Source "ChessBase"]
[SourceQuality "1"]
[TimeControl "40/5400+30:1800+30"]

1. Nf3 {[%emt 0:00:00]} c5 {[%emt 0:00:59]} 2. c4 {[%emt 0:00:00]} Nc6 {[%emt 0:00:15]} 3. d4 {[%emt 0:00:00]} cxd4 {[%emt 0:00:08]} 4. Nxd4 {[%emt 0:00:00]} Nf6 {[%emt 0:01:37]} 5. Nc3 {[%emt 0:00:08]} e6 {[%emt 0:00:39]} 6. a3 {[%emt 0:00:08]} d5 {[%emt 0:01:29]} 7. cxd5 {[%emt 0:11:55]} exd5 {[%emt 0:00:08]} 8. g3 {[%emt 0:00:53]} Be7 {[%emt 0:01:19]} 9. Bg2 {[%emt 0:00:21]} O-O $14 {[%emt 0:00:20] LiveBook: 8 Games} 10. O-O {[%emt 0:00:15]} Bg4 {[%emt 0:09:20]} 11. h3 {[%emt 0:01:45]} Be6 {[%emt 0:00:28]} 12. b3 {[%emt 0:08:23]} Rc8 {[%emt 0:12:44]} 13. Bb2 {[%emt 0:01:59]} Qb6 {[%emt 0:06:39]} 14. Na4 {[%emt 0:08:09]} Qa6 {[%emt 0:00:33]} 15. Rc1 {[%emt 0:07:11]} Nxd4 {[%emt 0:09:26]} 16. Qxd4 {[%emt 0:01:02]} Qxe2 {[%emt 0:04:45]} 17. Qxa7 {[%emt 0:00:25]} Rxc1 {[%emt 0:05:40]} 18. Rxc1 {[%emt 0:00:46]} Ne4 {[%emt 0:01:41]} 19. Qd4 {[%emt 0:29:57]} Bf6 {[%emt 0:00:17]} 20. Qe3 {[%emt 0:00:16]} Nxg3 {[%emt 0:02:17]} 21. Qxg3 {[%emt 0:05:27]} Bxb2 {[%emt 0:00:07]} 22. Nxb2 {[%emt 0:00:43]} Qxb2 {[%emt 0:00:06]} 23. Rc7 {[%emt 0:00:19]} b5 {[%emt 0:07:18]} 24. Rb7 {[%emt 0:01:20]} Qxa3 {[%emt 0:02:28]} 25. Rxb5 {[%emt 0:00:14]} Qa1+ {[%emt 0:03:52]} 26. Kh2 {[%emt 0:00:23]} Qa8 {[%emt 0:01:51]} 27. b4 {[%emt 0:00:34]} Qd8 {[%emt 0:02:17]} 28. Qe5 {[%emt 0:02:09]} Qd7 {[%emt 0:00:42]} 29. Rc5 {[%emt 0:00:48]} Rd8 {[%emt 0:01:42]} 30. Qd4 {[%emt 0:01:03]} f6 {[%emt 0:01:49]} 31. Kg1 {[%emt 0:00:22]} Qd6 {[%emt 0:01:04]} 32. b5 {[%emt 0:00:46]} Qb6 {[%emt 0:03:26]} 33. Qb4 {[%emt 0:00:26]} Bf7 {[%emt 0:00:26]} 34. Rc6 {[%emt 0:01:25]} Qb7 {[%emt 0:01:14]} 35. Qc5 {[%emt 0:00:33]} Qd7 {[%emt 0:08:35]} 36. b6 {[%emt 0:01:43]} d4 {[%emt 0:01:18]} 37. Rc7 {[%emt 0:00:35]} Qe8 {[%emt 0:00:23]} 38. Re7 {[%emt 0:02:48]} Qf8 {[%emt 0:02:49]} 39. Qc7 {[%emt 0:00:13]} Bg6 {[%emt 0:00:57]} 40. Rxg7+ {[%emt 0:00:00]} Kh8 {[%emt 0:00:05]} 41. Rd7 {[%emt 0:10:21]} Rc8 {[%emt 0:13:28]} 42. Rxd4 {[%emt 0:00:51]} Bf5 {[%emt 0:04:19]} 43. Qd6 {[%emt 0:03:36]} Qg7 {[%emt 0:00:45]} 44. b7 {[%emt 0:00:27]} Rg8 {[%emt 0:00:47]} 45. Qg3 {[%emt 0:01:23]} Qf8 {[%emt 0:00:38]} 46. Qxg8+ {[%emt 0:04:33]} 1-0

[Event "FIN-ch 2018"]
[Site "Helsinki"]
[Date "2018.06.12"]
[Round "2"]
[White "Koykka, Pekka"]
[Black "Agopov, Mikael"]
[Result "1/2-1/2"]
[WhiteElo "2345"]
[BlackElo "2436"]
[Annotator "TA"]
[PlyCount "114"]
[EventDate "2018.06.13"]
[EventType "tourn"]
[EventCountry "FIN"]
[SourceTitle "playchess.com"]
[Source "ChessBase"]
[SourceQuality "1"]

{[%evp 19,114,33,39,27,47,10,19,9,17,15,29,-1,79,-12,0,0,5,6,19,0,0,-12,-14,-53,-53,-118,-46,-33,-26,-29,-16,-227,-100,-106,-109,-118,-106,-111,-100,-89,0,-122,-109,-159,-91,-137,-134,-139,-96,-262,-150,-146,-135,-157,-158,-201,-215,-251,-245,-306,-295,-316,-288,-320,-306,-397,-385,-606,-583,-757,-732,-709,-794,-782,-724,-29987,-29988,-12837,-12837,-12837,-685,-29987,-29988,-29991,-29992,-29992,-29993,-29993,-12837,-12837,-12838,-12837,-12836,-29993,-29994,-29996,-29997]} 1. d4 e6 2. Nf3 f5 3. g3 Nf6 4. Bg2 d5 5. O-O Bd6 6. c4 c6 7. Qc2 O-O 8. b3 Qe7 9. Ne5 Nbd7 10. Bb2 Ne4 11. e3 {A90: Dutch Defence: Miscellaneous and Modern Stonewall (with ...Bd6)} a5 12. Nd3 b5 13. f3 {The position is equal.} Ng5 14. Nd2 Ba6 $146 ({Predecessor:} 14... bxc4 15. bxc4 Ba6 16. e4 f4 17. e5 Bb4 18. gxf4 Bxd2 19. Qxd2 {1-0 (30) Barnaure,V (2511)-Cilia Vincenti,D (2091) Glasgow 2012}) 15. e4 Rac8 (15... bxc4 $11 16. bxc4 a4) 16. exf5 (16. e5 $16 Bc7 17. a4) 16... exf5 17. Rae1 Qf7 {[%cal Rb5c4]} 18. c5 Bb8 19. b4 f4 20. g4 a4 21. Qc3 Rce8 22. Rf2 (22. h4 $15 Ne6 23. Rf2) 22... Re3 ({Better is} 22... Rxe1+ $17 23. Nxe1 Re8) 23. Nf1 $15 Rxe1 24. Qxe1 Qg6 25. Qe7 $2 {[#]} (25. Qd2 $11 {and White is okay.}) 25... Bc8 ({Less strong is} 25... Qxd3 26. Qxd7 Qg6 27. h4 $15) (25... Re8 $1 $19 {[%cal Re8e7]} 26. Qxd7 Bc8) 26. Qe2 $17 {[#]} h5 $1 $36 {[%cal Rh5g4][%mdl 2048] aiming for ...hxg4. White is under strong pressure.} 27. h3 hxg4 28. hxg4 Qh7 29. Bc1 Qg6 (29... Qh6 $17) 30. Qd1 (30. Bb2 $1 $11) 30... Qf6 31. Ne1 Ne6 ({Black should play} 31... Rd8 32. Bb2 Nf8) 32. Nc2 Re8 33. Re2 Re7 34. Qe1 $2 (34. Bb2 $17 {was necessary.}) 34... Ndf8 ({Black should try} 34... Nxd4 $19 35. Rxe7 Nxc2) 35. Bb2 Bd7 {[%cal Bc8d7,Bd7e8,Be8g6,Bg6h7][%mdl 32]} 36. Qf2 Be8 37. Nh2 Bg6 38. Bf1 Nh7 {[%cal Bf8h7,Bh7g5,Bg5f3][%mdl 32]} 39. Bc3 Nhg5 40. Kh1 Bc7 41. Re1 Bh7 42. Na3 Qh6 43. Nxb5 (43. Bg2 $142 Bd8 44. Kg1) 43... cxb5 $19 44. Bxb5 {[#]} Nxf3 $1 {[%mdl 512]} 45. Qxf3 Be4 $1 {[%cal Re4f3]} 46. Rxe4 dxe4 47. g5 Nxg5 (47... exf3 $2 {is the wrong capture.} 48. gxh6 Ng5 49. d5 $18 (49. Bxa4 Re3 $17)) 48. Bc4+ Kh7 49. Qf2 f3 (49... e3 $142 50. Bd3+ Kh8) 50. d5 {If only White now had time for d6....} Nh3 51. Qd4 Bxh2 52. Kxh2 Nf2+ 53. Kg1 Qh1+ (53... e3 $142 54. Bd3+ Kh8 55. Qxe3 Qxe3 56. Bd2 Qxd2 57. Bf1 Ng4 58. Bh3 Qh2+ 59. Kf1 Qh1#) 54. Kxf2 e3+ 55. Kg3 Qg2+ 56. Kh4 Kh6 {[%csl Gg2,Gh6][%cal Rg7g5]} 57. Qf4+ g5+ {[%mdl 32768] Precision: White = 17%, Black = 52%. . An unexpected result.} 1/2-1/2